| 000 | 01199nam a22002417a 4500 | ||
|---|---|---|---|
| 008 | 081007t xxu||||| |||| 00| 0 mar | ||
| 010 | _aMAR-20030 | ||
| 020 |
_c50.00 _a9788190794435 |
||
| 035 | _aMR-12688 | ||
| 037 | _bDBAD / PUB | ||
| 040 |
_adpl _bMR |
||
| 082 | _a338.954 | ||
| 100 | _aतेलतुंबडे, आनंद | ||
| 245 |
_aएकविसाव्या शतकातील भारतः उन्माद आणि आव्हाने / _cआनंद तेलतुंबडे |
||
| 246 |
_aEkvisavya Shatakatil Bharat:Unmad ani Avhane _bby Anand Teltumbade |
||
| 260 |
_aमुम्बई _bलोकवाड्.मय गृह _c2008 |
||
| 270 |
_a85, सयानी रोड़ प्रभादेवी _bमुम्बई _e400025 |
||
| 300 |
_a63 पृ _c22सेमी (अजिल्द) |
||
| 650 | _aआर्थिक विकास-भारत | ||
| 650 | _aeconomic Development-India | ||
| 942 |
_2ddc _cMR _mतेलतुं |
||
| 999 |
_c22342 _d22342 |
||